Mistrovství v Oracle Database 11g
Na minha lista:
| Main Authors: | , |
|---|---|
| Formato: | Livro |
| Idioma: | tcheco |
| Publicado em: |
Brno :
Computer Press,
2009
|
| Assuntos: | |
| Tags: |
Sem tags, seja o primeiro a adicionar uma tag!
|
MARC
| LEADER | 00000nam a22000003a 4500 | ||
|---|---|---|---|
| 001 | stu197223 | ||
| 005 | 20220511101641.9 | ||
| 008 | 091214s2006----xr------------------cze-d | ||
| 020 | |a 978-80-251-2189-4 | ||
| 040 | |a STU |b slo | ||
| 041 | 0 | |a cze | |
| 044 | |a xr | ||
| 080 | |a 681.3 |7 stu_us_auth*stu8852 | ||
| 100 | 1 | |a Loney, Kevin |4 aut | |
| 245 | 1 | |a Mistrovství v Oracle Database 11g | |
| 260 | |a Brno : |b Computer Press, |c 2009 | ||
| 300 | |a 700 s. | ||
| 650 | 7 | |a ORACLE |2 stusub | |
| 650 | 7 | |a relačné databázy |2 stusub | |
| 650 | 7 | |a dátabázové riadiace systémy |2 stusub | |
| 650 | 7 | |a sieťové operačné systémy |2 stusub | |
| 650 | 7 | |a počítačové siete |2 stusub | |
| 650 | 7 | |a klient/server systémy |2 stusub | |
| 650 | 7 | |a SQL |2 stusub | |
| 650 | 7 | |a spracovanie dát |2 stusub | |
| 650 | 7 | |a dátabázové štruktúry |2 stusub | |
| 700 | 1 | |a Bryla, Bob |4 aut | |
| 996 | |b 284EK88177 |c E*88177 |l EE01 |s A |a 24 |w stu197223_0001 | ||